Pokemon por imagen (#495 - #809) - Estadísticas

Estadísticas generales
  • Esta prueba ha sido intentada 24 veces
  • La puntuación promedio es 156 de 314
Estadísticas de respuestas
Imagen Respuesta % Correcto
Snivy
94%
Oshawott
88%
Serperior
88%
Tepig
88%
Excadrill
82%
Musharna
82%
Pansage
82%
Pansear
82%
Roggenrola
82%
Audino
76%
Emboar
76%
Lillipup
76%
Munna
76%
Pidove
76%
Timburr
76%
Chandelure
71%
Cosmog
71%
Drilbur
71%
Greninja
71%
Herdier
71%
Larvesta
71%
Liepard
71%
Lunala
71%
Meloetta
71%
Panpour
71%
Primarina
71%
Rowlet
71%
Samurott
71%
Simisage
71%
Solgaleo
71%
Sylveon
71%
Tympole
71%
Axew
65%
Blitzle
65%
Conkeldurr
65%
Dedenne
65%
Dewott
65%
Emolga
65%
Fennekin
65%
Froakie
65%
Genesect
65%
Incineroar
65%
Klink
65%
Litten
65%
Malamar
65%
Meltan
65%
Mimikyu
65%
Minccino
65%
Patrat
65%
Pignite
65%
Popplio
65%
Purrloin
65%
Reshiram
65%
Sawk
65%
Servine
65%
Simisear
65%
Talonflame
65%
Volcarona
65%
Xerneas
65%
Yveltal
65%
Zekrom
65%
Zorua
65%
Zygarde
65%
Alomomola
59%
Basculin
59%
Chespin
59%
Cobalion
59%
Cottonee
59%
Darmanitan
59%
Darumaka
59%
Decidueye
59%
Deino
59%
Drampa
59%
Ferroseed
59%
Floette
59%
Furfrou
59%
Goomy
59%
Hawlucha
59%
Haxorus
59%
Helioptile
59%
Hoopa
59%
Kartana
59%
Kyurem
59%
Lilligant
59%
Melmetal
59%
Salazzle
59%
Scrafty
59%
Scraggy
59%
Tapu Fini
59%
Trevenant
59%
Volcanion
59%
Woobat
59%
Yamask
59%
Zebstrika
59%
Zeraora
59%
Zoroark
59%
Amaura
53%
Beartic
53%
Bewear
53%
Boldore
53%
Bouffalant
53%
Bunnelby
53%
Carracosta
53%
Cinccino
53%
Código Cero
53%
Cryogonal
53%
Delphox
53%
Flabébé
53%
Gigalith
53%
Gogoat
53%
Goodra
53%
Gothita
53%
Gothitelle
53%
Gothorita
53%
Heatmor
53%
Hydreigon
53%
Inkay
53%
Keldeo
53%
Klinklang
53%
Kommo-o
53%
Landorus
53%
Litleo
53%
Litwick
53%
Lycanroc
53%
Mienfoo
53%
Necrozma
53%
Noivern
53%
Oranguru
53%
Oricorio
53%
Palpitoad
53%
Pancham
53%
Pangoro
53%
Pawniard
53%
Petilil
53%
Pyroar
53%
Simipour
53%
Stoutland
53%
Tapu Lele
53%
Terrakion
53%
Togedemaru
53%
Tornadus
53%
Toxapex
53%
Tranquill
53%
Trubbish
53%
Tyrunt
53%
Unfezant
53%
Vanillite
53%
Vanilluxe
53%
Venipede
53%
Virizion
53%
Watchog
53%
Wishiwashi
53%
Accelgor
47%
Aegislash
47%
Aurorus
47%
Avalugg
47%
Bisharp
47%
Braviary
47%
Brionne
47%
Buzzwole
47%
Carbink
47%
Chesnaught
47%
Cosmoem
47%
Crustle
47%
Diancie
47%
Druddigon
47%
Durant
47%
Ferrothorn
47%
Fletchinder
47%
Foongus
47%
Galvantula
47%
Garbodor
47%
Golisopod
47%
Gurdurr
47%
Guzzlord
47%
Honedge
47%
Karrablast
47%
Klang
47%
Kleffki
47%
Lampent
47%
Leavanny
47%
Maractus
47%
Mienshao
47%
Nihilego
47%
Palossand
47%
Pikipek
47%
Pumpkaboo
47%
Rockruff
47%
Salandit
47%
Scolipede
47%
Seismitoad
47%
Silvally
47%
Stunfisk
47%
Swanna
47%
Tapu Bulu
47%
Throh
47%
Thundurus
47%
Turtonator
47%
Vikavolt
47%
Araquanid
41%
Archeops
41%
Bergmite
41%
Braixen
41%
Bruxish
41%
Cofagrigus
41%
Cubchoo
41%
Deerling
41%
Dragalge
41%
Ducklett
41%
Fletchling
41%
Frillish
41%
Frogadier
41%
Golett
41%
Golurk
41%
Grubbin
41%
Heliolisk
41%
Jangmo-o
41%
Jellicent
41%
Joltik
41%
Komala
41%
Mandibuzz
41%
Mareanie
41%
Marshadow
41%
Meowstic
41%
Noibat
41%
Passimian
41%
Pheromosa
41%
Quilladin
41%
Ribombee
41%
Rufflet
41%
Sandile
41%
Sandygast
41%
Sewaddle
41%
Shelmet
41%
Sliggoo
41%
Slurpuff
41%
Solosis
41%
Swirlix
41%
Swoobat
41%
Tirtouga
41%
Torracat
41%
Tyrantrum
41%
Vanillish
41%
Vullaby
41%
Whimsicott
41%
Wimpod
41%
Xurkitree
41%
Zweilous
41%
Amoonguss
35%
Aromatisse
35%
Binacle
35%
Blacephalon
35%
Bounsweet
35%
Celesteela
35%
Clauncher
35%
Crabominable
35%
Cutiefly
35%
Dartrix
35%
Diggersby
35%
Doublade
35%
Dwebble
35%
Elgyem
35%
Escavalier
35%
Espurr
35%
Fraxure
35%
Gourgeist
35%
Hakamo-o
35%
Krokorok
35%
Krookodile
35%
Lurantis
35%
Magearna
35%
Morelull
35%
Mudbray
35%
Mudsdale
35%
Naganadel
35%
Phantump
35%
Poipole
35%
Pyukumuku
35%
Reuniclus
35%
Sawsbuck
35%
Sigilyph
35%
Skrelp
35%
Spritzee
35%
Stakataka
35%
Stufful
35%
Toucannon
35%
Vivillon
35%
Whirlipede
35%
Yungoos
35%
Archen
29%
Barbaracle
29%
Beheeyem
29%
Comfey
29%
Crabrawler
29%
Dewpider
29%
Duosion
29%
Eelektrik
29%
Eelektross
29%
Fomantis
29%
Minior
29%
Shiinotic
29%
Swadloon
29%
Tsareena
29%
Clawitzer
24%
Dhelmise
24%
Gumshoos
24%
Spewpa
24%
Steenee
24%
Trumbeak
24%
Charjabug
18%
Florges
18%
Scatterburg
0%
Tapu Kokp
0%
Tynama
0%
No se encontraron pruebas coincidentes
Distribución de puntuación
Porcentaje de gente con cada puntuación
Porcentaje por número respondido
Historial de tus puntuaciones
No has intentado esta prueba.